000 00702nam a2200253Ia 4500
003 OSt
005 20220928115637.0
006 a|||||r|||| 00| 0
007 ta
008 220927b |||||||| |||| 00| 0 eng d
024 _a43040
037 _cTextual
040 _aSDCL
_cSDCL
_beng
041 _2eng
_aeng
082 _aX65, N2
100 _aFrancis Jack Clark
_9417493
245 0 _aTheory and problems of investments.
260 _aNew York
_b McGraw-Hill
_c1992
300 _axi,288p
_ccm.
490 _aSchaum's Outline Series
700 _a Taylor Richard W
_9445312
942 _hX65, N2
_cTEXL
_2CC
999 _c760278
_d760278